Catálogo
 En Linea

La isla de la Tortuga : (Registro nro. 30713)

Detalles MARC
000 -CABECERA
campo de control de longitud fija 01158nam a2200265 a 4500
001 - NÚMERO DE CONTROL
campo de control 000031221
003 - IDENTIFICADOR DEL NÚMERO DE CONTROL
campo de control OSt
005 - FECHA Y HORA DE LA ÚLTIMA TRANSACCIÓN
campo de control 20211207131631.0
008 - DATOS DE LONGITUD FIJA--INFORMACIÓN GENERAL
campo de control de longitud fija 100407s1951 sp b r 000 0 spa d
040 ## - FUENTE DE LA CATALOGACIÓN
Centro catalogador/agencia de origen DO-SdBNP
Lengua de catalogación spa
Centro/agencia transcriptor BNPHU
082 74 - NÚMERO DE LA CLASIFICACIÓN DECIMAL DEWEY
Número de clasificación 972.9402
Número de documento/Ítem P349i
Número de edición 22
100 1# - ENTRADA PRINCIPAL--NOMBRE DE PERSONA
Nombre de persona Peña Batlle, Manuel Arturo
9 (RLIN) 23316
245 13 - MENCIÓN DE TÍTULO
Título La isla de la Tortuga :
Resto del título plaza de armas, refugio seminario de los enemigos de España en Indias /
Mención de responsabilidad, etc. Manuel Arturo Peña Batlle ; prólogo D. Manuel Aznar.
260 ## - PUBLICACIÓN, DISTRIBUCIÓN, ETC.
Lugar de publicación, distribución, etc. Madrid :
Nombre del editor, distribuidor, etc. Ediciones Cultura Hispánica,
Fecha de publicación, distribución, etc. 1951.
300 ## - DESCRIPCIÓN FÍSICA
Extensión 267 p. :
Otras características físicas map. ;
Dimensiones 23 cm.
500 ## - NOTA GENERAL
Nota general Estudio de algunas de las causas primeras y más importantes que determinaron la declinación del imperio español en América
504 ## - NOTA DE BIBLIOGRAFÍA, ETC.
Nota de bibliografía, etc. Incluye referencias bibliográficas y notas al pie de las páginas
590 ## - NOTA LOCAL (RLIN)
Nota local Inventariado, 2019/BT
651 #0 - PUNTO DE ACCESO ADICIONAL DE MATERIA--NOMBRE GEOGRÁFICO
Nombre geográfico Torturga, Isla (Haití)
9 (RLIN) 46300
651 #4 - PUNTO DE ACCESO ADICIONAL DE MATERIA--NOMBRE GEOGRÁFICO
Nombre geográfico España
Subdivisión general Colonias
Subdivisión geográfica Américas
Subdivisión general Historia
9 (RLIN) 46301
651 #4 - PUNTO DE ACCESO ADICIONAL DE MATERIA--NOMBRE GEOGRÁFICO
Nombre geográfico Isla Española (Haiti Y República Dominicana{Rpara}
Subdivisión general Historia
9 (RLIN) 38883
700 12 - PUNTO DE ACCESO ADICIONAL--NOMBRE DE PERSONA
Nombre de persona Aznar, D. Manuel,
Término indicativo de función/relación pról.
9 (RLIN) 38884
910 ## - DATOS DE OPCIÓN DEL USUARIO (OCLC)
Datos de opción del usuario Validado. Control de calidad. MFF
942 ## - ELEMENTOS DE PUNTO DE ACCESO ADICIONAL (KOHA)
Fuente del sistema de clasificación o colocación Dewey Decimal Classification
Tipo de ítem Koha Libro
Existencias
Estado de retiro Estado de pérdida Fuente del sistema de clasificación o colocación No para préstamo Código de colección Localización permanente Ubicación/localización actual Ubicación en estantería Fecha de adquisición Número de inventario Total de préstamos Signatura topográfica completa Código de barras Fecha visto por última vez Número de copia Precio válido a partir de Tipo de ítem Koha Nota pública
    Dewey Decimal Classification   Monografías: Libros y Folletos General General Depósito 31.07.2013 LF1   BNPHU PD-RV 972.9402 P349i 31221-50 25.06.2020 e. 3 25.06.2020 Préstamo en sala  
    Dewey Decimal Classification   Monografías: Libros y Folletos General General Depósito 22.11.2018 LF1   BNPHU PD-RV 972.9402 P349i 31221-60 25.06.2020 e. 4 25.06.2020 Préstamo en sala Perteneció a la biblioteca personal de Flia. Reyes Duluc
    Dewey Decimal Classification Excluido de préstamo Raros y valiosos Patrimonio Dominicano Patrimonio Dominicano Depósito 15.06.2011 LF1   BNPHU PD-RV 972.9402 P349i 31221-10 25.06.2020   25.06.2020 No se presta Perteneció a la biblioteca personal de Martínez Boog
    Dewey Decimal Classification Excluido de préstamo Raros y valiosos Patrimonio Dominicano Patrimonio Dominicano Depósito 29.09.2011 LF1   BNPHU PD-RV 972.9402 P349i 31221-30 25.06.2020 e. 2 25.06.2020 No se presta Perteneció a la biblioteca personal de Martínez Boog.
    Dewey Decimal Classification   Monografías: Libros y Folletos Patrimonio Dominicano Patrimonio Dominicano Orden iniciada 15.06.2011 LF1   BNPHU PD-RV 972.9402 P349i 31222-10 25.06.2020   25.06.2020 No se presta  

Con tecnología Koha